| 000 | 00604cam a22002053a 4500 | ||
|---|---|---|---|
| 001 | 38608 | ||
| 003 | PGUSA | ||
| 005 | 20140828083842.0 | ||
| 008 | 120118s2012||||xxu|||||s|||||000 | eng d | ||
| 040 |
_aPGUSA _beng |
||
| 042 | _adc | ||
| 100 | 1 |
_aGaris, Lilian, _d1873-1954 |
|
| 245 | 1 | 4 |
_aThe Girl Scouts at Rocky Ledge; Or, Nora's Real Vacation _h[electronic resource] / _cLilian Garis |
| 260 |
_bProject Gutenberg, _c2012 |
||
| 506 | _aPublic domain in the USA. | ||
| 516 | _aElectronic text | ||
| 830 | 0 |
_aProject Gutenberg _v38608 |
|
| 856 | 4 | 0 | _uhttp://www.gutenberg.org/ebooks/38608 |
| 942 | _cEB | ||
| 999 |
_c267862 _d267862 |
||